Biblioteca

Cenicienta (Registro nro. 67332)

Detalles MARC
000 -LÍDER
Campo fijo de descripción fija 00635nam a2200241 i 4500
001 - NÚMERO DE CONTROL
Campo de control CO-MdBIC
003 - IDENTIFICADOR DEL NÚMERO DE CONTROL
Campo de control CO-MdBIC
005 - FECHA Y HORA DE LA ULTIMA TRANSACCIÓN
control field 20220224172052.0
008 - ELEMENTOS DE LONGITUD FIJA -- INFORMACIÓN GENERAL
Campo fijo de descripción fija -- Información general 220217b2005 -usa|||b |||| 00| 0 spa d
020 ## - NÚMERO INTERNACIONAL NORMALIZADO PARA LIBROS
Número Internacional Normalizado del libro 9583018791
040 ## - FUENTE DE CATALOGACIÓN
Agencia de catalogación original CO-MdBIC
Idioma de catalogación spa.
Agencia que realiza la transcripción CO-MdBIC
Agencia que realiza la modificación CO-MdBIC
041 ## - CÓDIGO DE IDIOMA
Código de idioma para texto/pista de sonido o título separado spa
082 ## - NÚMERO DE CLASIFICACIÓN DECIMAL DEWEY
Número de la edición del Dewey 22
Número de clasificación 813.54
Clave de autor-Numero de item D612c
100 ## - ASIENTO PRINCIPAL--NOMBRE PERSONAL
Nombre personal Disney, Walt,
Fechas asociadas con el nombre 1901-1966
110 ## - ASIENTO PRINCIPAL--NOMBRE CORPORATIVO
Nombre corporativo o de jurisdicción como elemento de entrada Disney,
245 ## - TÍTULO
Título del Material Cenicienta
Parte restante del título - Subtitulo / Disney
300 ## - DESCRIPCIÓN FÍSICA
Extensión [12 paginas] ;
Otros detalles físicos Ilustraciones a color :
Dimensiones 17 cm.
490 ## - MENCIÓN DE SERIE
Mención de serie Mis libros puzle
505 #8 - NOTA DE CONTENIDO
Nota de contenido con formato preestablecido [no genera información asociada]
650 ## - ASIENTO SECUNDARIO DE MATERIA - TERMINO TEMÁTICO
Subdivisión general Princesas
710 ## - ASIENTO SECUNDARIO - NOMBRE CORPORATIVO
Nombre corporativo o de jurisdicción como elemento de entrada Disney
942 ## - TIPO DE MATERIAL (KOHA)
Tipo de Item KOHA Z- Libro General BINCO

No hay ítems disponibles.

Biblioteca FUSBC | Teléfono: (57+4) 349 88 10 Ext. 141| WhatsApp (+57) 3005338115 
E-mail: biblioteca@unisbc.edu.co | Calle 76 87-14 Robledo Palenque, Medellín, Colombia

Con tecnología Koha